Código civil portugués / (Record no. 44503)

MARC details
000 -LEADER
campo de control de longitud fija 00793nam a2200217 i 4500
001 - NÚMERO DE CONTROL
campo de control 44503
003 - IDENTIFICADOR DE NÚMERO DE CONTROL
campo de control ES-MaACL
005 - FECHA Y HORA DE LA ÚLTIMA TRANSACCIÓN
campo de control 20230906161038.0
007 - CAMPO FIJO DE DESCRIPCIÓN FÍSICA--INFORMACIÓN GENERAL
campo de control de longitud fija t|
008 - DATOS DE LONGITUD FIJA--INFORMACIÓN GENERAL
campo de control de longitud fija 030321s1868 sp ||||1| spa d
080 ## - NÚMERO DE LA CLASIFICACIÓN DECIMAL UNIVERSAL
Número de la Clasificación Decimal Universal 347(469)"1867"
110 1# - ENTRADA PRINCIPAL--NOMBRE DE ENTIDAD CORPORATIVA
Nombre de entidad corporativa o nombre de jurisdicción como elemento de entrada Portugal.
9 (RLIN) 6240
240 #0 - TÍTULO UNIFORME
Título uniforme Código civil, 1867
245 10 - MENCIÓN DEL TÍTULO
Título Código civil portugués /
Mención de responsabilidad, etc. traducido al castellano y precedido de un prólogo por Patricio de la Escasura y anotado y concordado con la legislación española por Isidro Autrán.
260 ## - PUBLICACIÓN, DISTRIBUCIÓN, ETC.
Lugar de publicación, distribución, etc. Madrid :
Nombre del editor, distribuidor, etc. [s.n.],
Fecha de publicación, distribución, etc. 1868 (
Fabricante Imp. de la Biblioteca Universal Económica)
300 ## - DESCRIPCIÓN FÍSICA
Extensión XLI, 141, 314 p. ;
Dimensiones 18 cm.
650 #4 - PUNTO DE ACCESO ADICIONAL DE MATERIA--TÉRMINO DE MATERIA
Término de materia o nombre geográfico como elemento de entrada Derecho civil-
Subdivisión geográfica Portugal.
9 (RLIN) 171509
700 1# - ENTRADA AGREGADA--NOMBRE PERSONAL
Nombre de persona Escasura, Patricio de la.
9 (RLIN) 47526
700 1# - ENTRADA AGREGADA--NOMBRE PERSONAL
Nombre de persona Autrán, Isidro.
9 (RLIN) 23979
852 ## - LOCALIZACIÓN
Ubicación ES-MaACL
Número de control de estantería F-13474
Holdings
Estatus retirado Estado de pérdida Estado de daño No para préstamo Colección Biblioteca de origen Biblioteca actual Ubicación en estantería Fecha de adquisición Fuente de adquisición Total de préstamos Signatura topográfica completa Código de barras Visto por última vez Precio de reemplazo Tipo de ítem Koha
        Libros del s. XIX Biblioteca del Ateneo de Madrid Biblioteca del Ateneo de Madrid Sala Pecera Planta 2 17/01/2008     F-13474 1046841 23/02/2023 23/02/2023 Libro impreso antiguo